| 000 | 00389nam a22001577a 4500 | ||
|---|---|---|---|
| 020 | _a978-81-248-0010-2 | ||
| 082 |
_a823 _bHAW/S |
||
| 100 | _aHAWTHORNE, NATHANIEL | ||
| 245 |
_aTHE SCARLET LETTER _bSHORT STORY |
||
| 246 |
_aTHE SCARLET LETTER _bSHORT STORY |
||
| 260 |
_aNEW DELHI _bPEACOCK BOOKS _c2018 |
||
| 300 | _a252 | ||
| 520 | _aSHORT STORY | ||
| 650 | _aSHORT STORY | ||
| 942 | _cBK | ||
| 999 |
_c2890 _d2890 |
||